000 00698nac a22001811u 4500
008 100906t xxu||||| |||| 00| 0 eng d
010 _a95075055
020 _a8126502134
082 _a006.6762
_bC7761
100 _aCooper, Alan.
_918301
245 1 4 _aThe essentials of user interface design /
_cAlan Cooper.
260 _aNew Delhi :
_bWiley Pub.,
_c2002.
300 _a580 p. :
_c24 cm.
_bill. ;
500 _aIncludes index.
650 _aUser interface (Computer systems)
_918302
942 _cBB
_k006.6762C7761
_2ddc
999 _c682
_d682